Il tribuno Clodio.

Salvato in:
Dettagli Bibliografici
Autore principale: Fezzi, Luca (autore)
Natura: Libro
Lingua:inglese
Pubblicazione: Roma-Bari, Italia: Laterza, 2008.
Edizione:Prima edizione.
Serie:Biblioteca Essenziale Laterza. Storia antica,
Soggetti:
Tags: Aggiungi Tag
Nessun Tag, puoi essere il primo ad aggiungerne!!

MARC

LEADER 00000nam a22000007a 4500
003 CL-VaPUC
005 20220822114629.0
008 220715t2008 ||||| |||| 00| 0 eng d
999 |c 437092  |d 437090 
022 |a 978-88-420-8715-1 
040 |c Pontificia Universidad Católica de Valparaíso 
082 |2 22  |a 923.2 FEZ 2008  
100 |9 863015  |a Fezzi, Luca  |e autore 
245 |a Il tribuno Clodio.  
250 |a Prima edizione.  
260 |a Roma-Bari, Italia:   |b Laterza,   |c 2008.  
300 |a 147 páginas.  
490 |a Biblioteca Essenziale Laterza. Storia antica,   |n  79. 
500 |a c.1 Donación Familia Prof. Alejandro Guzmán Brito. 
583 |c 20220715  |k Yessy Sthefany Diaz Vidal 
600 0 |9 873011  |a Pulcro, Publio Clodio  |x Biografía  |z Roma  
650 0 |9 453781  |a Políticos romanos   |x Biografías  
651 0 |9 255106  |a Roma   |x Historia  
942 |2 ddc  |c BK  |n 0 
952 |0 0  |1 0  |2 ddc  |4 0  |6 923_200000000000000_FEZ_2008  |7 1  |8 C_AGB  |9 584837  |a BIBDER  |b BIBDER  |d 2022-07-15  |e Donación   |i 5652835  |o 923.2 FEZ 2008  |p 5652835  |r 2023-01-25  |t 1  |w 2022-07-15  |y BK_US  |k AGB